| 000 | 00870nas a2200301 454500 | ||
|---|---|---|---|
| 001 | IICA0700959 | ||
| 003 | BR-BrBNA | ||
| 005 | 20260323111556.0 | ||
| 007 | ta | ||
| 008 | 260323b bl.|||p| |||| 00| 00por d | ||
| 040 |
_aBR-BrBNA _bpor _cBiblioteca Nacional de Agricultura |
||
| 041 | _a(En) | ||
| 072 | _aF01 | ||
| 100 | 1 | _aHarries, H.C. | |
| 245 | 1 | _aThe Cape Verde region (1499 to 1549); the key to coconut culture in the Western hemisphere? | |
| 300 | _av. 27(3) p. 227-231 | ||
| 650 | _aCOCO | ||
| 650 | _aCOCOS NUCIFERA | ||
| 650 | _aSISTEMA DE CULTIVO | ||
| 650 | _aPRATICA CULTURAL | ||
| 650 | _aCARIBE | ||
| 650 | _aCABO VERDE | ||
| 650 | _aAFRICA | ||
| 650 | _aAMERICA DO SUL | ||
| 773 | 0 |
_tTURRIALBA (IICA) _X0041-4360 _g(Jul-Sep 1977), v. 27(3) p. 227-231 _wIICA0700959 |
|
| 909 |
_a202603 _bLúcia _c55 _dLúcia Elande |
||
| 942 |
_2IICA _n0 _cANA |
||
| 999 |
_c340943 _d340943 |
||